000 01202naa a22003137a 4500
001 BR7405362
003 BR-BrBNA
005 20240918173613.0
007 ta
008 230509b bl.||||| |||| 00| 0 por d
040 _aBR-BrBNA
_bpor
_cBiblioteca Nacional de Agricultura
041 _a(Pt)
072 _aL30
_b5240
090 _aL30 BR7405362
100 1 _aHall, G.A.
100 1 _aTeixeira, N.M.
100 1 _aCodevila, R.M.
111 1 _a11. Reuniao da Sociedade Brasileira de Zootecnia
_cFortaleza, CE (Brazil)
_d22 Jul 1974
245 1 _aEfeito da suplementacao na epoca de paricao e aleitamento sobre a producao de ovelhas [Nutricao animal; Ovis aries]
260 3 _aFortaleza, CE (Brasil):
_bUniversidade Federal do Ceara,
_c1974.
500 _aAnais da 11. Reuniao da Sociedade Brasileira de Zootecnia Fortaleza, CE (Brasil): Universidade Federal do Ceara, 1974. p. 26-27 (BR7405362-AM)L30
650 _aNutricao animal
650 _aOvino
650 _aOvelha
650 _aPeso
773 0 _tAnais da 11. Reuniao da Sociedade Brasileira de Zootecnia
_wL30 BR7405362
_gFortaleza, CE (Brasil), 1974. p. 26-27
909 _a202404
_bLucia
_c55
_dLucia Elande
942 _cAM
_2AGRIS
999 _c305698
_d305698